000 00620nam a2200205 i 4500
001 C2-0223488
003 PPAK
005 20180728152331.0
008 000216s1930 my |||| ||||| | may d
040 _aPPAK
_beng
_cPPAK
_erda
100 0 _aHaji Muhammad Taib bin Haji Hashim,
_eauthor
245 1 0 _aJohn Ibram
_bDiakah teruna berhemah tinggi lagi berjasa dan berbakti?
264 1 _aMelaka :
_bMelaka Latteefiah Press ,
_c1930
300 _a100 pages ;
_c18 cm
336 _2rdacontent
_atext
337 _2rdamedia
_aunmediated
338 _2rdacarrier
_avolume
500 _aTeks tulisan jawi
942 _ddc
_cB
999 _c144613
_d144613